| 000 | 00367nam a22001217a 4500 | ||
|---|---|---|---|
| 999 |
_c2686 _d2686 |
||
| 005 | 20200923101332.0 | ||
| 008 | 200923b ||||| |||| 00| 0 eng d | ||
| 020 | _a12923 | ||
| 040 | _cCML | ||
| 245 |
_aCompton's Pictured Encyclopedia. _cWilliam, B. |
||
| 260 |
_aChicago _bF.E. Compton and Company _c1963 |
||
| 942 |
_2ddc _cBK _eVolume 12 _h031 _kR031 _mCOM |
||